Statistics for Countries of North America in Alphabetical Order

Click here to take the quiz!

General Stats

  • This quiz has been taken 40 times
  • The average score is 22 of 23

Answer Stats

First LetterCountry% Correct
CCanada
100%
GGuatemala
100%
HHaiti
100%
CCuba
97%
DDominica
97%
HHonduras
97%
MMexico
97%
NNicaragua
97%
PPanama
97%
SSaint Kitts and Nevis
97%
TTrinidad and Tobago
97%
UUnited States of America
97%
AAntigua and Barbuda
94%
BBahamas
94%
BBelize
94%
CCosta Rica
94%
DDominican Republic
94%
GGrenada
94%
JJamaica
94%
SSaint Lucia
94%
SSaint Vincent and the Grenadines
94%
BBarbados
91%
EEl Salvador
91%

Score Distribution

Percentile by Number Answered

Percent of People with Each Score

Your Score History

You have not taken this quiz